000 00505nam a2200181Ia 4500
005 20250326140817.0
008 250326s9999 xx 000 0 und d
037 _aTextbook
040 _aFMSL
_beng
_cFMSL
041 _aeng
_2eng
084 _aX:51 P0
_qFMSL
100 _aJain S C
245 0 _aMarketing: planning & strategy
_cJain S C
260 _aAustralia
_bAustralia, South-Western College Publishing
_c2000
300 _a925p
942 _cTB
_hX:51 P0
999 _c1287387
_d1287387